000 00764nam a2200241Ia 4500
003 OSt
005 20220923223147.0
006 a|||||r|||| 00| 0
007 ta
008 220922b |||||||| |||| 00| 0 hin d
024 _a211,461
037 _cTextual
040 _aARTS
_cARTS
_bhin
041 _2hin
_ahin
082 _aO152,3N37,9, M6
100 _aअंनत, अभिमन्यु
_9156272
245 0 _aमार्क ट्रवेन का स्वर्ग
246 _aMārka ṭraven kā svarga
260 _aदिल्ली
_b प्रभात प्रका0
_c1986
300 _a228पृ.
_ccm.
942 _hO152,3N37,9, M6
_cTEXL
_2CC
999 _c361736
_d361736